000 00876nam a2200277 a 4500
001 12398
003 BD-RjUL
005 20211208235303.0
008 170604s1963 enka b 001 0 eng d
035 _a(BD-RjUL)12447
040 _aDLC/ICU
_cCGU
_dUKM
_dEQO
_dBD-RjUL
_beng
041 _aeng
082 0 4 _a597.95
_223
_bHAA 1963
100 1 _aHarris, Vernon A.
_938505
245 1 4 _aThe anatomy of the rainbow lizard :
_bAgama agama (L) With a glossary of anatomical terms /
_cVernon A. Harris.
260 _aLondon :
_b[Hutchinson,
_cc1963.
300 _a104 p. :
_bill. ;
_c25 cm.
490 1 _aHutchinson tropical monographs
504 _aBibliography: p. 98-99.
650 0 _alizards
_938506
650 0 _aAgama agama.
_9217819
650 0 _aReptiles
_xAnatomy.
_938507
830 0 _aHutchinson tropical monographs
_9217820
942 _2ddc
_cBK
999 _c12398
_d12398